000 00306nam a2200145Ia 4500
100 _aLyman/Taylor Ed
942 _cRB
654 _aMetals Hand Book
245 _aMetals Handbook
260 _bAmerican Society
_aOhio
_c1971
082 _a671.3
_bAsm
300 _a707
546 _aENGLISH
999 _c30799
_d30799